The Shadow of a doubt : fascist and communist alternatives in catalan separatism, 1919-1939 / Enrique Ucelay-Da Cal fascist and communist alternatives in catalan separatism, 1919-1939 / Enrique Ucelay-Da Cal
Descripción Física:
79 p. ; 21 cm
MARC
| LEADER | 00000nam a2200000Ia 4500 | ||
|---|---|---|---|
| 001 | 15304 | ||
| 008 | 160829s2002 xx 000 0 cat d | ||
| 080 | |a M-4-304 | ||
| 100 | 1 | |a Ucelay Da Cal, Enric, |d 1948- |9 43289 | |
| 245 | 4 | |a The Shadow of a doubt : |b fascist and communist alternatives in catalan separatism, 1919-1939 / Enrique Ucelay-Da Cal | |
| 260 | |a Barcelona : |b Institut de Ciències Polítiques i Socials, |c 2002 | ||
| 300 | |a 79 p. ; |c 21 cm | ||
| 490 | |a Working papers / Institut de Ciències Polítiques i Socials ; 198 | ||
| 590 | |a Notes. | ||
| 590 | |a Referències bibliogràfiques. | ||
| 590 | |a Bibliografia | ||
| 650 | 0 | |a Nacionalisme |z Catalunya |9 11008 | |
| 651 | 0 | |a Catalunya |x Història |x Autonomia i moviments independentistes |9 53832 | |
| 710 | 2 | |a Institut de Ciències Polítiques i Socials (Barcelona, Catalunya) |9 55871 | |
| 901 | |a Arxiu | ||
| 942 | |n 1 | ||
| 952 | |0 0 |1 0 |4 0 |6 M4304 |7 1 |9 45995 |a Arxiu |b Arxiu |d 2016-12-01 |l 0 |o M-4-304 |p 15304 |r 2016-12-01 00:00:00 |w 2016-12-01 |y ARXIU | ||
| 999 | |c 49496 |d 49496 | ||